| 000 | 00827nam a2200229 i 4500 | ||
|---|---|---|---|
| 001 | 98839 | ||
| 003 | ES-MaACL | ||
| 005 | 20250916201038.0 | ||
| 007 | t| | ||
| 008 | 051027s2001 sp ||||1| spa d | ||
| 020 | _a84-7490-612-1 | ||
| 080 | _a1 Teilhard de Chardin, Pierre | ||
| 100 | 1 |
_aPérez de Laborda, Alfonso. _990787 |
|
| 245 | 1 | 3 |
_aLa filosofía de Pierre Teilhard de Chardin _b: la emergencia de un pensamiento transfigurado / _cAlfonso Pérez de Laborda. |
| 260 |
_aMadrid : _bEncuentro, _c[2001] |
||
| 300 |
_a474 p. ; _c23 cm. |
||
| 490 | 1 |
_aEnsayos (Ediciones Encuentro) ; _v181 |
|
| 600 | 1 | 4 |
_aTeilhard de Chardin, Pierre, _d1881-1955- _xCrítica e interpretación _9109522 |
| 830 | 0 |
_aEnsayos (Ediciones Encuentro) ; _v181 _9180604 |
|
| 852 |
_aES-MaACL _jL-29252 _bR.136623 |
||
| 999 |
_c98839 _d98839 |
||